000 00439nam a2200169Ia 4500
003 GCL
008 140319s9999 xx 000 0 ara d
040 _aGCL /
_cGCL
082 0 4 _aط
_b813.087
_bس م
100 1 _aسيفور، دى
245 1 0 _aمتاعب صوفى /
_cسيفور، دى
700 1 _aالياس الحداد
650 0 4 _aالاطفال
650 0 4 _aالقصص
650 0 4 _aقصص الاطفال
942 _2ddc
_cBK
999 _c42480
_d42480